Law of rehabilitation of project affected persons in Maharashtra: the Maharashtra project affected persons rehabilitation act, 1986 (Record no. 376689)

000 -LEADER
fixed length control field 00525cam a22001337a 4500
008 - FIXED-LENGTH DATA ELEMENTS--GENERAL INFORMATION
fixed length control field 180718b1993 xxu||||| |||| 00| 0 eng d
020 ## - INTERNATIONAL STANDARD BOOK NUMBER
International Standard Book Number 8190036904
082 ## - DEWEY DECIMAL CLASSIFICATION NUMBER
Classification number Z42x5442 V449
100 ## - MAIN ENTRY--PERSONAL NAME
Personal name Vaswani, Kalpana
245 ## - TITLE STATEMENT
Title Law of rehabilitation of project affected persons in Maharashtra: the Maharashtra project affected persons rehabilitation act, 1986
Statement of responsibility, etc. by Kalpana Vaswani
260 ## - PUBLICATION, DISTRIBUTION, ETC.
Place of publication, distribution, etc. New Delhi
Name of publisher, distributor, etc. Multiple Action Research Group
Date of publication, distribution, etc. 1993
300 ## - PHYSICAL DESCRIPTION
Extent 62p.
650 ## - SUBJECT ADDED ENTRY--TOPICAL TERM
Topical term or geographic name entry element Rehabilitaion - Law and legislation - India - Maharastra
Holdings
Withdrawn status Lost status Damaged status Not for loan Permanent Location Current Location Date acquired Full call number Barcode Date last seen Price effective from Koha item type
        Indian Institute of Public Administration Indian Institute of Public Administration 1997-05-27 Z42x5442 V449 68771 2018-07-21 2018-07-21 Book
        Indian Institute of Public Administration Indian Institute of Public Administration 2011-02-25 Z42x5442 V449 68695 2018-07-21 2018-07-21 Book

Powered by Koha